| 000 | 01491nam a2200349 a 4500 | ||
|---|---|---|---|
| 001 | 000036018 | ||
| 003 | OSt | ||
| 005 | 20201204134029.0 | ||
| 008 | 111123s2007 dr abc 000 0 spa d | ||
| 040 |
_aDO-SdBNP _bspa _cBNPHU |
||
| 041 | 1 | 7 |
_aspa _heng |
| 082 |
_axxxx _bL864 |
||
| 245 | 0 | 3 |
_aLa Romana y Bayahíbe : recursos naturales y culturales = _bNatural and cultural resources. / _cdirección de la edición Adolfo López Belando; traducción Martha Lugo ; diseño y diagración Arturo Fiallo ; |
| 260 |
_aSanto Domingo : _bAsociación de Hoteles Romana Bayahíbe , _bBanco Interamericano , _bFondo Multilateral de Inversiones, _c2007. |
||
| 300 |
_a282 p. : _bils., map. retr. ; _c22 cm. |
||
| 500 | _aGuía ecoturística, República Dominicana. | ||
| 505 | 1 | _aCréditos.- el autor.- mensaje del presidente de la asociación de hoteles Romana Bayahíbe.-dedicatoria.- reconocimientos.-indice.- | |
| 505 | 1 | _aIntroducción.- | |
| 505 | 1 | _aUn poco de historia.- | |
| 505 | 1 | _aSenderos naturales y culturales.- | |
| 505 | 1 | _aLugares de interés natural,- | |
| 505 | 1 | _aLugares de interés cultural.- | |
| 505 | 1 | _aArte rupestre en Bayahíbe y el parque Nacional del Este.- | |
| 505 | 1 | _aFiestas locales.- | |
| 505 | 1 | _aLugares de interés turísticos.- | |
| 505 | 1 | _aBuceo.- | |
| 505 | 1 | _aEpílogo. | |
| 700 | 1 |
_aLópez Belando, Adolfo _962010 |
|
| 700 | 1 |
_aLugo, Martha, _etr. _943160 |
|
| 700 | 1 |
_aFiallo , Arturo , _4diseño y diagración _977528 |
|
| 942 |
_2ddc _cLBS1 |
||
| 999 |
_c35509 _d35509 |
||